A las niñas y a los niños les gusta... /
Na minha lista:
| Autor Corporativo: | |
|---|---|
| Formato: | Livro |
| Idioma: | Spanish |
| Publicado em: |
San José, Costa Rica :
INAMU, Universidad de Costa Rica,
2012
|
| coleção: | Colección aprendo con igualdad y equidad
|
| Assuntos: | |
| Tags: |
Adicionar Tag
Sem tags, seja o primeiro a adicionar uma tag!
|
MARC
| LEADER | 00000nam a2200000Ia 4500 | ||
|---|---|---|---|
| 008 | 170202b2012 cr ||||| |||| 00| | spa d | ||
| 999 | |c 543 |d 543 | ||
| 020 | |a 9789968252522 | ||
| 090 | |a 04.02.03 |b 2126 | ||
| 110 | 2 | |a Instituto Nacional de las Mujeres |9 1766 | |
| 245 | 1 | 6 | |a A las niñas y a los niños les gusta... / |c Instituto Nacional de las Mujeres |
| 260 | |a San José, Costa Rica : |b INAMU, Universidad de Costa Rica, |c 2012 | ||
| 300 | |a 21 páginas | ||
| 490 | |a Colección aprendo con igualdad y equidad | ||
| 650 | 1 | 4 | |9 956 |a IGUALDAD DE GÉNERO |
| 650 | 1 | 4 | |a EQUIDAD DE GÉNERO |9 420 |
| 650 | 1 | 4 | |a MEDIOS DE ENSEÑANZA |9 29 |
| 650 | 1 | 4 | |a NIÑOS |9 59 |
| 650 | 1 | 4 | |a EDUCACIÓN PREESCOLAR |9 455 |
| 942 | |i 003724 ,003726 |h 04.02.03 2126 |2 z |c 01 | ||



